| 000 | 00000nam 2200000za 4500 |
| 001 | 9.833621 |
| 003 | CaOODSP |
| 005 | 20221107150245 |
| 007 | cr ||||||||||| |
| 008 | 170309s2017 oncd #o f000 0 eng d |
| 020 | |a978-0-660-07905-9 |
| 040 | |aCaOODSP|beng |
| 043 | |an-cn--- |
| 086 | 1 |aA29-2/19-1-2017E-PDF |
| 245 | 00|aEvaluation of programs under the Agricultural Marketing Programs Act (AMPA) |h[electronic resource] : |bsummary. |
| 260 | |a[Ottawa] : |bAgriculture and Agri-Food Canada, |cc2017. |
| 300 | |a4 p. : |bgraphs |
| 500 | |aTitle from caption. |
| 500 | |aIssued also in French under title: Évaluation des programmes régis par la Loi sur les programmes de commercialisation agricole (LPCA) : sommaire. |
| 520 | |a"The Evaluation of Programs under the Agricultural Marketing Programs Act (AMPA) was included in AAFC’s Five-Year Evaluation Plan (2014-15 to 2018-19) and fulfils the requirements of the Financial Administration Act and the Treasury Board Policy on Evaluation (2009)."--Evaluation, p. [1]. |
| 692 | 07|2gccst|aAgricultural assistance |
| 692 | 07|2gccst|aMarket development |
| 692 | 07|2gccst|aAssessment |
| 710 | 1 |aCanada. |bAgriculture and Agri-Food Canada. |
| 775 | 08|tÉvaluation des programmes régis par la Loi sur les programmes de commercialisation agricole (LPCA) |w(CaOODSP)9.833622 |
| 856 | 40|qPDF|s233 KB|uhttps://publications.gc.ca/collections/collection_2017/aac-aafc/A29-2-19-1-2017-eng.pdf |
| 986 | |aAAFC Pub no: 12610E |